000 01159cam a22002774a 4500
001 16209714
003 OSt
005 20230825155502.0
008 100429s2010 njua b 001 0 eng
010 _a 2010016335
020 _a9789332541092
040 _aDLC
_cDLC
_dDLC
043 _aa-ii---
050 0 0 _aTS155
_b.M327 2010
082 0 0 _a658.5
_bMAH/O
100 _aMahadevan, B
_d1964-
_91279
245 1 0 _aOperations management :
_btheory and practice /
_cB. Mahadevan.
250 _a3rd ed.
260 _aUpper Saddle River :
_bPearson,
_cc2015.
300 _a610 p. :
_bill. ;
504 _aIncludes bibliographical references and index.
520 _a"Covers the core concepts and theories of production and operations management in the global as well as Indian context. Includes boxes, solved numerical examples, real-world examples and case studies, practice problems, and videos. Focuses on strategic decision making, design, planning, and operational control"--Provided by publisher.
650 0 _aProduction management
_zIndia.
650 0 _aProduction control.
942 _2ddc
_cBK
_h658.5
_iMAH/O
_k658.5
_mMAH/O
999 _c41992
_d41992